[Event "Berekfurdo op-B 4th"]
[Site "Berekfurdo"]
[Date "2010.09.03"]
[Round "2"]
[White "Konya, Laszlo"]
[Black "Egyed, Gabor"]
[Result "0-1"]
[WhiteElo "2111"]
[BlackElo "1950"]
[PlyCount "111"]
[EventDate "2010.09.02"]
[EventType "swiss"]
[EventRounds "7"]
[EventCountry "HUN"]
[SourceTitle "EXT 2019"]
[Source "ChessBase"]
[SourceDate "2018.10.10"]
[SourceVersion "1"]
[SourceVersionDate "2018.10.10"]
[SourceQuality "1"]

1. d4 g6 2. g3 Bg7 3. Bg2 d6 4. e4 Nf6 5. Ne2 0-0 6. 0-0 Nbd7 7. h3 e5 8. c3 Re8 9. Qd3 Qe7 10. Bg5 h6 11. Bxf6 Bxf6 12. f4 c5 13. d5 Nb6 14. Nd2 Bd7 15. Rab1 c4 16. Qe3 exf4 17. Qxf4 Bg5 18. Qf2 Bxd2 19. Nd4 Qg5 20. Nc2 Re7 21. h4 Qe5 22. Rbd1 Bxc3 23. bxc3 Qxc3 24. Nd4 Bg4 25. Rc1 Qd3 26. Nb5 Nd7 27. Rfe1 c3 28. Nxc3 Rc8 29. Bf1 Qf3 30. Bg2 Qd3 31. Bf1 Qf3 32. Qxf3 Bxf3 33. Re3 Ne5 34. Rb1 a6 35. Bh3 Rc4 36. Bf1 Rd4 37. Rb6 Rd7 38. Rb1 Re7 39. Bg2 Bxg2 40. Kxg2 Nc4 41. Re2 Rd3 42. Nd1 Nd2 43. Rb4 Rxd5 44. Nf2 a5 45. exd5 Rxe2 46. Rxb7 f5 47. Kg1 Re1+ 48. Kg2 Re2 49. Kg1 Nf3+ 50. Kg2 Ne5 51. Kf1 Rxa2 52. Rb6 Nc4 53. Rc6 Ra1+ 54. Kg2 Rc1 55. Nd3 Ne3+ 56. Kf3 0-1